[Event "UKR-ch 91st"]
[Site "Poltava"]
[Date "2023.12.17"]
[Round "9"]
[White "Alexikov, Alexander"]
[Black "Demenyuk, Vladislav"]
[Result "1/2-1/2"]
[WhiteElo "2209"]
[BlackElo "1751"]
[PlyCount "40"]
[EventDate "2023.12.09"]
[EventType "swiss"]
[EventRounds "9"]
[EventCountry "UKR"]
[SourceTitle "CB51_2023"]
[SourceDate "2023.12.20"]
[SourceVersion "1"]
[SourceVersionDate "2023.12.20"]
[SourceQuality "1"]

1. e4 e5 2. Nf3 Nf6 3. Nc3 Nc6 4. Bb5 Bc5 5. 0-0 d6 6. d4 exd4 7. Nxd4 Bd7 8. Nb3 Bb6 9. Na4 0-0 10. Nxb6 axb6 11. f3 h6 12. Be3 Na5 13. Bd3 Nxb3 14. axb3 Qe7 15. Re1 Bc6 16. c4 Rxa1 17. Qxa1 Qe5 18. Qc1 Ra8 19. Qc3 Qxc3 20. bxc3 Ra3 1/2-1/2